000 00583nam a2200193 i 4500
001 81100
003 ES-MaACL
005 20230906174353.0
007 t|
008 041103s1967 sp ||||1| spa d
100 1 _aHoyo, Arturo del,
_d1917-2004
_964424
245 1 0 _aLope de Vega
_b: El rufián Castrucho /
_cadaptación de Arturo del Hoyo y José Ares.
260 _aMadrid :
_bEd. Nacional,
_c1967.
300 _a151 p. ;
_c19 cm.
700 1 _aAres, José.
_922627
740 3 _aEl rufián Castrucho.
852 _aES-MaACL
_jC-51626
_bR.66584
999 _c81100
_d81100